00866nam a2200205Ia 4500003000900000008004100009040003300050041000800083080001300091100002700104245019800131246007800329260006200407300002100469650001900490700003000509942000700539952009500546999001900641LK-CoDNM010623t2007 xxu||||| |||| 00| 1 sin d aLK-CoDNMdLK-CoDNMeLK-CoDNM asin a396bEMM aEmmenuwel, saralaeed. aව සනයන්ට ස්ත්‍රීන්ගේ ප්‍ර‍තිචාර - දකුණු ආසියාවේ අත්දැකීමි හා අභියෝග aVyasanayanta sthriinge prathichara : Dakunu asiawe athdekiim haa abhiyoga bSuriya kaantha sanwardena maddyasthanayaaSri Lankac2007 b(iv)164, 20.5 cm aWomen society aMaunaguru, Sitralegaeed. cBK 001040708MONOaMAINbMAINd2023-08-02l0o396 EMMp150728-1r2023-08-02w2023-08-02yBK c127053d127053